Democratic governance in India: An evaluation (Record no. 530479)
[ view plain ]
| 000 -LEADER | |
|---|---|
| fixed length control field | 00403nam a22001217a 4500 |
| 008 - FIXED-LENGTH DATA ELEMENTS--GENERAL INFORMATION | |
| fixed length control field | 250618b ||||| |||| 00| 0 eng d |
| 100 ## - MAIN ENTRY--PERSONAL NAME | |
| Personal name | Dalal, Rajbir Singh & Dhilon Sandeep |
| 245 ## - TITLE STATEMENT | |
| Title | Democratic governance in India: An evaluation |
| 260 ## - PUBLICATION, DISTRIBUTION, ETC. (IMPRINT) | |
| Place of publication, distribution, etc | Indian Journal of Political Science |
| 300 ## - PHYSICAL DESCRIPTION | |
| Extent | 85(2), Apr-Jun, 2024: p.265-272 |
| 942 ## - ADDED ENTRY ELEMENTS (KOHA) | |
| Item type | Articles |
No items available.
